La Estela de Merneptah y la tasa de desempleo (Registro nro. 63568)
[ vista simple ]
| 000 -LÍDER | |
|---|---|
| Campo fijo de descripción fija | 01526aab a2200241 i 4500 |
| 001 - NÚMERO DE CONTROL | |
| Campo de control | 768714001 |
| 003 - IDENTIFICADOR DEL NÚMERO DE CONTROL | |
| Campo de control | CO-MdFUSB |
| 005 - FECHA Y HORA DE LA ULTIMA TRANSACCIÓN | |
| control field | 20230605161546.0 |
| 008 - ELEMENTOS DE LONGITUD FIJA -- INFORMACIÓN GENERAL | |
| Campo fijo de descripción fija -- Información general | 171122s2013 ck ||||| |||| 00| 0 spa d |
| 022 ## - NÚMERO INTERNACIONAL NORMALIZADO PARA PUBLICACIONES SERIADAS | |
| Número Internacional Normalizado para Publicaciones Seriadas | 0120-3649 |
| 040 ## - FUENTE DE CATALOGACIÓN | |
| Agencia Catalogadora | CO-MdFUSB |
| Idioma de catalogación | spa |
| Agencia que realiza la transcripción | CO-MdFUSB |
| Agencia que realiza la modificación | CO-MdFUSB |
| 041 ## - CÓDIGO DE IDIOMA | |
| Código de idioma para texto/pista de sonido o título separado | spa |
| 100 1# - ASIENTO PRINCIPAL--NOMBRE PERSONAL | |
| Nombre personal | Acosta, Milton |
| Término relacionador | autor |
| 245 13 - TÍTULO | |
| Título | La Estela de Merneptah y la tasa de desempleo |
| Subtitulo | : ideología y teología en la historiografía de los orígenes de Israel |
| Mención de responsabilidad | / Milton Acosta Benitez |
| 300 ## - DESCRIPCIÓN FÍSICA | |
| Extensión | Volumen 63. Número 176 (2013), páginas 307-330 |
| Dimensiones | : 24 cm. |
| 520 1# - NOTA DE RESUMEN, ETC. | |
| Nota de sumario, etc. | Una de las grandes preguntas en los estudios bíblicos durante los últimos tres siglos es en qué sentido son históricos los relatos bíblicos. Incluso los biblistas más conservadores han concluido que el cuadro de los orígenes de Israel es sumamente complejo, que no siempre disponemos de evidencia directa y que la ideología del investigador juega un papel fundamental en la investigación bíblica. Este artículo muestra que, en últimas, no existe consenso ni una última palabra sobre los orígenes de Israel en Canaán. Queda a los lectores elegir el mejor argumento a la luz de la evidencia presentada. |
| 653 ## - TÉRMINO DE INDIZACIÓN - NO CONTROLADO | |
| Término no controlado | Israel |
| 653 ## - TÉRMINO DE INDIZACIÓN - NO CONTROLADO | |
| Término no controlado | Minimalismo |
| 653 ## - TÉRMINO DE INDIZACIÓN - NO CONTROLADO | |
| Término no controlado | Maximalismo |
| 773 0# - ASIENTO DE ITEM FUENTE | |
| Título | Theologica Xaveriana |
| Biblionumber | 49424 |
| Itemnumber | 59865 |
| Parte(s) relacionada(s) / Volumen., número. (mes año), páginas | Volumen 63. Número 176 (2013), páginas 307-330 |
| Enumeración y primera página | Página 307 |
| 773 0# - ASIENTO DE ITEM FUENTE | |
| Título | Theologica Xaveriana |
| Biblionumber | 49424 |
| Itemnumber | 81967 |
| Parte(s) relacionada(s) / Volumen., número. (mes año), páginas | Volumen 63. Número 176 (2013), páginas 307-330 |
| Enumeración y primera página | Página 307 |
| Otro identificador del ítem | R14380 |
| 942 ## - TIPO DE MATERIAL (KOHA) | |
| Tipo de Item KOHA | Artículos de Revista |
No hay ítems disponibles.
